Name the US President by younger picture of themselves - Statistics

General Stats
  • This quiz has been taken 21 times
  • The average score is 17 of 30
Answer Stats
Picture Answer % Correct
Abraham Lincoln
100%
Barack Obama
100%
John F Kennedy
100%
Ronald Reagan
100%
George W Bush
94%
Harry Truman
94%
Joe Biden
94%
Bill Clinton
88%
George HW Bush
75%
Jimmy Carter
75%
Donald Trump
69%
Andrew Johnson
50%
Gerald Ford
50%
Richard Nixon
50%
Ulysses S Grant
50%
Calvin Coolidge
44%
Franklin D Roosevelt
44%
Grover Cleveland
44%
Chester Arthur
38%
Dwight D Eisenhower
38%
Herbert Hoover
38%
Teddy Roosevelt
38%
William Howard Taft
38%
Woodrow Wilson
38%
Benjamin Harrison
31%
James Garfield
31%
Lyndon B Johnson
31%
Rutherford B Hayes
31%
Warren G Harding
31%
William McKinley
31%
No matching quizzes found
Score Distribution
Percent of People with Each Score
Percentile by Number Answered
Your Score History
You have not taken this quiz